1905 1215 1456 1015 1456 1033 1119 1055 1496 1792 1787 1722 1353 1632 1752 1748 1313 1605 1770 1791 1022 1064 1848 1163 1727 1466 1217 1612 1308 1557 1458 1717 1267 1540 1942 1262 1156 1105 1446 1347 1223 1686 1000 1010 1542 1370 1873 1771 1408 1176 1642 1313 1765 1802 1687 1383 1962 1350 1367 1271 1929 1910 1728 1940 1992 1485 1555 1431 1217 1530 1381 1813 1984 1305 1523 1260 1218 1252 1851 1082 1308 1475 1366 1182 1138 1487 1626 1863 1462 1961 1744 1437 1390 1909 1882 1082 1559 1051 1464 BCNSPRNW ULIB Ver.6.0+V

เปลี่ยนเป็นภาษาไทย

Change to English
 แสดงรายละเอียดบรรณานุกรม
  กลับหน้าหลัก

Brief Record : Get Marc (ISO 2709) : E-mail record : QR code < ปิดหน้าต่าง
LEADER : 00000nam 2200000uu 4500
001    13399111816
003     ULIB
008    110708s2545||||th 000 0 tha d
020    9747383292
050  4 DS578^bว731ช 2545
100 0  วิไลเลขา ถาวรธนสาร
245 10 ชนชั้นนำไทยกับการรับวัฒนธรรมตะวันตก /^cวิไลเลขา ถาวรธนสาร
250    พิมพ์ครั้งที่ 1
260    กรุงเทพฯ :^bเมืองโบราณ,^c2545
300    160 หน้า :^bภาพประกอบ ;^c24 ซม.
650  4 การเปลี่ยนแปลงทางสังคม
650  4 ชนชั้นสูง^zไทย
650  4 วัฒนธรรมไทย
651  7 ไทย^xความเป็นอยู่และประเพณี
651  7 ไทย^xประวัติศาสตร์^yกรุงรัตนโกสินทร์
945    ^p140^l0^i015973
995    ทศพร
999 ^a ใช้งานได้ทุกระบบ
รายการนี้ยังไม่มีแท็ก
คุณยังไม่ได้ล็อกอิน คุณสามารถมีกิจกรรมร่วมกับเว็บไซต์ได้ แต่ต้องล็อกอินก่อน ::
  ล็อกอิน

รายการสื่อสารสนเทศ

ลำดับที่ ประเภท เลขเรียก/บาร์โค้ด สถานที่ สถานะ
- ไม่พบข้อมูล -

รายการใกล้เคียง
    หัวเรื่อง [การเปลี่ยนแปลงทางสังคม]
    หัวเรื่อง [วัฒนธรรมไทย]

BibComment


ยังไม่เคยถูกคอมเมนท์

คอมเมนท์ทรัพยากรรายการนี้
  คอมเมนท์: ชนชั้นนำไทยกับการ..


 Copyright 2026. Bcnsprnw @Library